| 000 | 00760cab a2200229 4500 | ||
|---|---|---|---|
| 001 | WB3319-42 | ||
| 008 | 090401t1997 xxu||||| |||| 00| 0 eng d | ||
| 035 | _a(Sirsi) u78337 | ||
| 041 | _aeng | ||
| 245 | _aRICS points to anomalies in green paper | ||
| 260 | _c1997 | ||
| 350 | _a0 | ||
| 490 |
_aCSM (Chartered Surveyor Monthly) _v6(8) May 1997, 14(1) |
||
| 520 | _aChartered surveyors could be deterred from tendering for contracts in continental Europe, if the rules are made too complex, according to a reply by the RICS to an EU consultation paper on procurement. | ||
| 650 | _aCONSULATION PAPER | ||
| 650 | _aGREEN PAPER | ||
| 650 | _aPUBLIC PROCUREMENT | ||
| 650 | _aRICS | ||
| 690 | _aOVERSEAS-EUROPE | ||
| 942 | _n0 | ||
| 948 | _c15/05/1997 | ||
| 999 |
_c49300 _d49300 |
||